Balonmano: fundamentos y etapas del aprendizaje, un proyecto de escuela española
Guardat en:
| Autor principal: | |
|---|---|
| Format: | Llibre |
| Idioma: | espanyol |
| Publicat: |
Madrid
Gymnos
1990
|
| Matèries: | |
| Etiquetes: |
Afegir etiqueta
Sense etiquetes, Sigues el primer a etiquetar aquest registre!
|
MARC
| LEADER | 00000nam a2200000 a 4500 | ||
|---|---|---|---|
| 001 | UCW7550 | ||
| 003 | CL-VaPUC | ||
| 008 | 930414e19900000SP |||||||||||||||||spa|d | ||
| 082 | 0 | 4 | |a 796.31 |b ANT |2 21 |
| 100 | 0 | |a Antón García, Juan Lorenzo |e author |9 312710 | |
| 245 | 1 | 0 | |a Balonmano: fundamentos y etapas del aprendizaje, un proyecto de escuela española |
| 300 | |a 238 p | ||
| 942 | |c BK | ||
| 945 | |d 19930414 00:00:00 | ||
| 260 | |a Madrid |b Gymnos |c 1990 | ||
| 650 | 7 | |a HANDBOL |2 CL-VaPUC |9 312711 | |
| 583 | |a last modification |c 19930414 00:00:00 |k Rodrigo Vera | ||
| 999 | |c 220265 |d 220263 | ||
| 952 | |0 0 |1 0 |4 0 |6 796_310000000000000_ANT_1990 |7 0 |8 A |9 212249 |a BIBEDU |b BIBEDU |d 2019-11-15 |i 2805057 |o 796.31 ANT 1990 |p 2805057 |r 2019-11-15 |w 2019-11-15 |y BK |k EDU | ||
| 952 | |0 0 |1 0 |4 0 |6 796_310000000000000_ANT_1990 |7 0 |8 A |9 212250 |a BIBEDU |b BIBEDU |d 2019-11-15 |i 3668134 |l 1 |m 1 |o 796.31 ANT 1990 |p 3668134 |r 2025-03-25 |s 2025-03-12 |w 2019-11-15 |y BK |k EFI | ||